[Event "VI World Blitz"]
[Site "Moscow RUS"]
[Date "2010.11.16"]
[Round "4.4"]
[White "Mamedov, Rauf"]
[Black "Eljanov, Pavel"]
[Result "0-1"]
[WhiteTitle "GM"]
[BlackTitle "GM"]
[WhiteElo "2660"]
[BlackElo "2742"]
[WhiteFideId "13401653"]
[BlackFideId "14102951"]
[EventDate "2010.11.16"]

1. g3 d5 2. Bg2 c6 3. d3 Nf6 4. Nf3 Bg4 5. O-O e6 6. h3 Bh5 7. Nbd2 Be7 8. e4
O-O 9. c3 Na6 10. Qe2 dxe4 11. Nxe4 Nc5 12. Nxf6+ Bxf6 13. d4 Nd7 14. Bf4 a5 15.
Rad1 a4 16. g4 Bg6 17. Bd6 Re8 18. c4 Be7 19. Bg3 a3 20. b3 Bb4 21. Bf4 h6 22.
Qe3 Be7 23. Bg3 Bf6 24. Ne5 Bh7 25. f4 Qe7 26. Qf2 Rad8 27. h4 Nf8 28. Nf3 Qd7
29. g5 Be7 30. Ne5 Qc8 31. h5 Bf5 32. Bh4 0-1

[Event "VI World Blitz"]
[Site "Moscow RUS"]
[Date "2010.11.16"]
[Round "7.5"]
[White "Eljanov, Pavel"]
[Black "Savchenko, Boris"]
[Result "1-0"]
[WhiteTitle "GM"]
[BlackTitle "GM"]
[WhiteElo "2742"]
[BlackElo "2632"]
[WhiteFideId "14102951"]
[BlackFideId "4147332"]
[EventDate "2010.11.16"]

1. d4 Nf6 2. c4 e6 3. Nc3 d5 4. Bg5 Bb4 5. cxd5 exd5 6. e3 Nbd7 7. Bd3 h6 8. Bh4
O-O 9. Ne2 Re8 10. O-O c6 11. Qc2 a5 12. a3 Bd6 13. Bg3 Nf8 14. Rab1 Ng4 15. h3
Nf6 16. b4 axb4 17. axb4 b5 18. Qb2 Ne4 19. Bxe4 dxe4 20. Bxd6 Qxd6 21. Ra1 Rb8
22. Ra7 Ng6 23. Ng3 Nh4 24. Ncxe4 Qg6 25. Nc5 Bf5 26. Qe2 Rbd8 27. Qh5 Qf6 28.
Nxf5 Nxf5 29. Rfa1 Nd6 30. Nd7 Qe6 31. Ne5 Qd5 32. Qf3 Rc8 33. Rc1 Qb3 34. Rd7
Red8 35. Rxd8+ Rxd8 36. Nxc6 Re8 37. Qd1 Qe6 38. Ne5 f6 39. Nd3 Kh8 40. Nf4 Qf7
41. Qc2 Nc4 42. Ra1 Rd8 43. Qf5 Kg8 44. h4 Qe7 45. h5 Qxb4 46. Ra7 Qe1+ 47. Kh2
Qxf2 48. Ne6 1-0

[Event "VI World Blitz"]
[Site "Moscow RUS"]
[Date "2010.11.16"]
[Round "10.2"]
[White "Grachev, Boris"]
[Black "Aronian, Levon"]
[Result "0-1"]
[WhiteTitle "GM"]
[BlackTitle "GM"]
[WhiteElo "2654"]
[BlackElo "2801"]
[WhiteFideId "4129199"]
[BlackFideId "13300474"]
[EventDate "2010.11.16"]

1. d4 Nf6 2. Nf3 g6 3. Bf4 Bg7 4. e3 d6 5. h3 O-O 6. Be2 Nc6 7. O-O Nd7 8. Bh2
e5 9. c4 exd4 10. exd4 Re8 11. Nc3 Nf6 12. Bd3 Nh5 13. Bc2 Nb4 14. Ba4 Bd7 15.
a3 Bxa4 16. Qxa4 Nc6 17. Rad1 Qd7 18. c5 Rad8 19. cxd6 cxd6 20. Qb3 h6 21. Nb5
Bf8 22. d5 Na5 23. Qb4 b6 24. Nbd4 Nf6 25. Nb3 Re4 26. Qc3 Rc8 27. Qd3 Nxb3 28.
Qxb3 Rc5 29. Rd3 Qb5 30. Qxb5 Rxb5 31. Rc1 Rxb2 32. Bg3 Re8 33. Rc6 Ne4 34. Rc7
Nxg3 35. fxg3 Ree2 36. Kf1 0-1

[Event "VI World Blitz"]
[Site "Moscow RUS"]
[Date "2010.11.16"]
[Round "11.10"]
[White "Mamedov, Rauf"]
[Black "Grachev, Boris"]
[Result "1-0"]
[WhiteTitle "GM"]
[BlackTitle "GM"]
[WhiteElo "2660"]
[BlackElo "2654"]
[WhiteFideId "13401653"]
[BlackFideId "4129199"]
[EventDate "2010.11.16"]

1. e4 c5 2. Nf3 e6 3. g3 d5 4. exd5 exd5 5. Bg2 Nf6 6. O-O Be7 7. d4 cxd4 8.
Nxd4 O-O 9. Nc3 Bg4 10. Qd3 Nc6 11. Bf4 Rc8 12. h3 Bh5 13. Nf5 Bg6 14. Nxe7+
Qxe7 15. Nxd5 Nxd5 16. Qxd5 Rfd8 17. Qb5 Nd4 18. Qxb7 Qxb7 19. Bxb7 Rxc2 20. Be3
Rxb2 21. Bg2 Nc2 22. Rad1 Rxd1 23. Rxd1 h6 24. Bxa7 Rxa2 25. Bc5 Ra5 26. Bd6 Ra1
27. Rxa1 Nxa1 28. f4 Nb3 29. g4 f6 30. Kf2 Nd4 31. f5 Bf7 32. Bc5 Nb5 33. Ke3
Nc7 34. Bd6 Bd5 35. Bf1 Ne8 36. Bf4 Kf7 37. Kd4 Bb3 38. Bb5 Ke7 39. Kc5 Ba2 40.
Bc6 Bb3 41. Bb5 Ba2 42. Ba4 Bf7 43. Bd2 Nc7 44. Bc6 Ne8 45. Bb4 Kf8 46. Kb6+ Kg8
47. Be4 Bb3 48. Kc6 Kf7 49. Kd7 Bc4 50. Kd8 Bb3 51. Bc6 Kg8 52. Bxe8 Bc4 53. Bc6
Bf1 54. Bd5+ Kh7 55. Bf7 Bxh3 56. Bh5 Bf1 57. Ke7 Be2 58. Kf8 Bf3 59. Bc5 Be2
60. Ke7 Bf3 61. Bd4 Be2 62. Kd6 Bd1 63. Bc5 Be2 64. Kd5 Bf3+ 65. Kd4 Be2 66. Ke3
Bd1 67. Kf4 Be2 68. Bf7 Bd1 69. Bd5 h5 70. g5 fxg5+ 71. Kxg5 Bc2 72. Bf7 Bd3 73.
Bxh5 Bc2 74. Bf7 Bd3 75. Be6 Kh8 76. Kf4 Bc2 77. Ke5 Bb3 78. Kd6 1-0

[Event "VI World Blitz"]
[Site "Moscow RUS"]
[Date "2010.11.16"]
[Round "12.3"]
[White "Savchenko, Boris"]
[Black "Aronian, Levon"]
[Result "0-1"]
[WhiteTitle "GM"]
[BlackTitle "GM"]
[WhiteElo "2632"]
[BlackElo "2801"]
[WhiteFideId "4147332"]
[BlackFideId "13300474"]
[EventDate "2010.11.16"]

1. e4 e5 2. Nf3 Nc6 3. d4 exd4 4. Nxd4 Nf6 5. Nxc6 bxc6 6. e5 Qe7 7. Qe2 Nd5 8.
c4 Ba6 9. Qe4 Nf6 10. Qe2 Nd5 11. Nd2 g6 12. g3 Bg7 13. f4 O-O 14. Bh3 d6 15.
Qe4 f5 16. Qf3 Nb4 17. Qb3 dxe5 18. a3 exf4+ 19. Kd1 Nd5 20. cxd5 Be2+ 21. Kc2
Qc5+ 22. Kb1 Rab8 23. Qc2 Qxd5 24. Bf1 Qxh1 25. Bxe2 Rxb2+ 26. Qxb2 Bxb2 27.
Kxb2 Qxh2 28. Bc4+ Kg7 29. gxf4 Rd8 30. Kc2 Rd4 31. Bb3 c5 32. Rb1 c4 33. Ba2
Qe2 34. Kc3 Rxd2 0-1

[Event "VI World Blitz"]
[Site "Moscow RUS"]
[Date "2010.11.16"]
[Round "14.2"]
[White "Savchenko, Boris"]
[Black "Grachev, Boris"]
[Result "0-1"]
[WhiteTitle "GM"]
[BlackTitle "GM"]
[WhiteElo "2632"]
[BlackElo "2654"]
[WhiteFideId "4147332"]
[BlackFideId "4129199"]
[EventDate "2010.11.16"]

1. e4 c5 2. Nf3 e6 3. c4 Nc6 4. Nc3 Nge7 5. d4 cxd4 6. Nb5 Ng6 7. Nbxd4 Bb4+ 8.
Bd2 Qa5 9. Nb5 O-O 10. Be2 Nf4 11. O-O Bxd2 12. Nxd2 d5 13. Nb3 Qd8 14. exd5
exd5 15. Bf3 dxc4 16. Qxd8 Rxd8 17. Nc5 Nd3 18. Nxd3 cxd3 19. Be4 Be6 20. Rfd1
d2 21. Nc7 Rac8 22. Nxe6 fxe6 23. Kf1 Rd4 24. f3 Rcd8 25. Ke2 R8d7 26. a3 Na5
27. b4 Nc4 28. Ra2 b6 29. Bc2 R7d5 30. Bb3 Kf7 31. a4 Ke7 32. Rc2 Re5+ 33. Kf2
Ne3 34. Rdxd2 Nxc2 35. Rxc2 Rxb4 36. Rc3 Rc5 37. Re3 Rc6 38. h4 Rxh4 39. g4 Rh2+
40. Kg3 Rd2 0-1

[Event "VI World Blitz"]
[Site "Moscow RUS"]
[Date "2010.11.17"]
[Round "26.6"]
[White "Savchenko, Boris"]
[Black "Eljanov, Pavel"]
[Result "0-1"]
[WhiteTitle "GM"]
[BlackTitle "GM"]
[WhiteElo "2632"]
[BlackElo "2742"]
[WhiteFideId "4147332"]
[BlackFideId "14102951"]
[EventDate "2010.11.16"]

1. e4 c6 2. d4 d5 3. Nc3 dxe4 4. Nxe4 Bf5 5. Nc5 Nd7 6. Bd3 Bxd3 7. Nxd3 e6 8.
Qe2 Ngf6 9. Nf3 Be7 10. O-O O-O 11. c4 c5 12. b3 cxd4 13. Bb2 a6 14. Bxd4 Qc7
15. Rfd1 Rfd8 16. h3 h6 17. Nde5 Bc5 18. Nxd7 Nxd7 19. Bb2 Nf6 20. Ne5 Rxd1+ 21.
Rxd1 Rd8 22. Rd3 Rxd3 23. Nxd3 Be7 24. a4 Qc6 25. Kf1 Nd7 26. Ne5 Qc7 27. Qe4
Bf6 28. Nxd7 Bxb2 29. Qd3 a5 30. c5 Ba3 31. Qd4 Bb4 32. Ke2 f6 33. Kd3 Kf7 34.
Kc4 Qc6 35. Nb6 Ke7 36. f3 h5 37. h4 Ba3 38. Qd6+ Qxd6 39. Nc8+ Kd7 40. Nxd6 Kc6
41. Ne8 g5 42. Nxf6 gxh4 43. Nxh5 Bxc5 44. Nf4 Kd6 45. Kb5 Bb4 46. Kb6 e5 47.
Nd3 Bc3 48. Kxb7 Kd5 49. Ka6 Kd4 50. Nf2 Bb4 51. Kb5 Ke3 52. Ng4+ Kf4 53. Kc4
Kg3 54. Kd3 Kxg2 55. Ke2 h3 56. Ne3+ Kg1 0-1

[Event "VI World Blitz"]
[Site "Moscow RUS"]
[Date "2010.11.18"]
[Round "30"]
[White "Grachev, Boris"]
[Black "Mamedov, Rauf"]
[Result "1/2-1/2"]
[WhiteTitle "GM"]
[BlackTitle "GM"]
[WhiteElo "2654"]
[BlackElo "2660"]
[WhiteFideId "4129199"]
[BlackFideId "13401653"]
[EventDate "2010.11.16"]

1. d4 d6 2. Nf3 g6 3. Bf4 Bg7 4. e3 Nf6 5. h3 O-O 6. Be2 c5 7. c3 Nc6 8. O-O Nd5
9. Bg3 cxd4 10. cxd4 Bf5 11. Nc3 Nxc3 12. bxc3 Rc8 13. c4 e5 14. Rc1 exd4 15.
exd4 Be4 16. d5 Bxf3 17. Bxf3 Ne5 18. Be2 b6 19. Re1 h5 20. Qa4 Qc7 21. Bf1 Rfe8
22. Qa3 a5 23. Bf4 Re7 24. Bg5 Ree8 25. Qa4 Qd7 26. Qb3 Qc7 27. Be3 Nd7 28. Rb1
Rb8 29. Qb5 Rec8 30. h4 Bf6 31. g3 Ne5 32. Be2 Qe7 33. Kg2 Qd7 34. Qxd7 Nxd7 35.
Rb5 Bc3 36. Reb1 Bb4 37. g4 Bc5 38. Bf4 Re8 39. Bf3 Ne5 40. Be2 Rbc8 41. a4 Kg7
42. Bg3 Nd7 43. Bf1 Nf6 44. Rxb6 Ne4 45. Rc6 Nxg3 46. Rxc8 Rxc8 47. Kxg3 1/2-1/2

[Event "VI World Blitz"]
[Site "Moscow RUS"]
[Date "2010.11.18"]
[Round "32"]
[White "Nakamura, Hikaru"]
[Black "Gelfand, Boris"]
[Result "0-1"]
[WhiteTitle "GM"]
[BlackTitle "GM"]
[WhiteElo "2741"]
[BlackElo "2741"]
[WhiteFideId "2016192"]
[BlackFideId "2805677"]
[EventDate "2010.11.16"]

1. d4 d5 2. c4 e6 3. Nc3 a6 4. cxd5 exd5 5. Nf3 c6 6. Bf4 Bd6 7. Bg5 Be7 8. Bf4
Bd6 9. Ne5 Ne7 10. e3 Ng6 11. Bg3 Qe7 12. Qh5 O-O 13. Bd3 Nd7 14. f4 Bxe5 15.
fxe5 f6 16. O-O fxe5 17. dxe5 Rxf1+ 18. Rxf1 Ndxe5 19. Bxe5 Qxe5 20. Qf3 Be6 21.
Bxg6 hxg6 22. Ne2 Re8 23. b4 Bf5 24. g4 Be4 25. Qf7+ Kh7 26. Nd4 Qe7 27. Qxe7
Rxe7 28. g5 Kg8 29. h4 Bd3 30. Rf3 Re4 31. Kf2 Rxh4 32. Kg3 Re4 33. a3 Re5 34.
Kf4 Re7 35. Kg3 Be4 36. Rf1 Bf5 37. Rf3 Re4 0-1

[Event "VI World Blitz"]
[Site "Moscow RUS"]
[Date "2010.11.18"]
[Round "33"]
[White "Grachev, Boris"]
[Black "Savchenko, Boris"]
[Result "1/2-1/2"]
[WhiteTitle "GM"]
[BlackTitle "GM"]
[WhiteElo "2654"]
[BlackElo "2632"]
[WhiteFideId "4129199"]
[BlackFideId "4147332"]
[EventDate "2010.11.16"]

1. d4 Nf6 2. c4 e6 3. Nf3 d5 4. Nc3 Bb4 5. e3 c5 6. a3 Bxc3+ 7. bxc3 O-O 8. Bd3
Nc6 9. O-O Qc7 10. cxd5 exd5 11. h3 Re8 12. a4 Ne4 13. Bb2 Na5 14. Ne5 f6 15.
Nf3 c4 16. Bc2 Bf5 17. Nd2 Nxd2 18. Qxd2 Nb3 19. Bxb3 cxb3 20. a5 Re6 21. Ba3
Qxa5 22. Qb2 Bc2 23. Bb4 Qd8 24. Rfc1 a5 25. Ba3 Rc6 26. Rxc2 bxc2 27. Qxc2 Rac8
28. Qb3 b6 29. Bb2 Kh8 30. Qb5 h6 31. Rb1 Qd7 32. Ba1 R8c7 33. Qd3 Qe6 34. Qa6
Kh7 35. Qd3+ Kg8 36. Qa6 Kf7 37. Qb5 g5 38. Qd3 Kg7 39. Qb5 f5 40. Qd3 Rf7 41.
Bb2 f4 42. exf4 Rxf4 43. Rf1 Rc4 44. Bc1 Qe4 45. Qd1 Rf7 46. Qb3 Qg6 47. Bd2 Qc6
48. Qb1 b5 49. f4 gxf4 50. Bxf4 Rxc3 51. Be5+ Kg8 52. Kh2 Rxf1 53. Qxf1 Qe6 54.
Qxb5 Rc8 55. Qxa5 Rf8 56. Qc7 Rf7 57. Qd8+ Rf8 58. Qc7 Qf7 59. Qd6 Kh7 60. Qc6
Rg8 61. Qc2+ Rg6 62. Qc8 Rg8 63. Qc2+ Rg6 64. Qc8 Rg5 65. Qc2+ Kg8 66. Qc8+ Kh7
67. Qc2+ Rg6 68. Qc8 Rb6 69. Qh8+ Kg6 70. Qc8 Rb2 71. Qg4+ Kh7 72. h4 h5 73. Qg5
Rb6 74. Qd8 Rh6 75. Qh8+ Kg6 76. Qd8 Kh7 77. Qh8+ Kg6 78. Qc8 Kh7 79. Qh8+ Kg6
80. Qd8 Kh7 81. Qh8+ 1/2-1/2